Congreso de 1824 (Registro nro. 302986)

Detalles MARC
000 -ENCABEZADO
Número de control [NR] 01208nam a22002537a 4500
005 - FECHA Y HORA DE LA ÚLTIMA TRANSACCIÓN
control field 20171207110815.0
008 - DE LONGITUD FIJA DE DATOS DE ELEMENTOS - INFORMACIÓN GENERAL
Elementos de longitud fija [NR] 160310s1931 ck |||frl||| 001 0 spa d
040 ## - FUENTE DE CATALOGACION [NR]
Quien Cataloga Sandra Yazo
Quien Clasifica Sandra Yazo
041 0# - CODIGO DE IDIOMA [R]
Código de idioma para texto/pista de sonido o título separado [R] Español
082 04 - NUMERO DE CLASIFICACION DECIMAL DEWEY [R]
Número de la edición [NR] 20
Número de clasificación [R] 986.104
092 ## - SIGNATURA TOPOGRAFICA LOCAL
Número de clasificación local E38N114
110 2# - ASIENTO PRINCIPAL--NOMBRE CORPORATIVO [NR]
Nombre corporativo o de jurisdicción como elemento de entrada [NR] Colombia
Unidad subordinada [R] Senado
ID de autoridad 76139
245 10 - MENCION DE TITULO [NR]
Título [NR] Congreso de 1824
Parte restante del título [NR] Senado - Actas
Mención de responsabilidad, etc. [NR] publicado por Roberto Cortázar y Luis Augusto Cuervo
260 ## - PUBLICACION, DISTRIBUCION, ETC. (PIE DE IMPRENTA) [R]
Lugar de publicación, distribución, etc. [R] Bogotá (Colombia)
Nombre del editor, distribuidor, etc. [R] Imprenta Nacional
Fecha de publicación, distribución, etc. [R] 1931
300 ## - DESCRIPCION FISICA [R]
Extensión [R] xxiii, 865 páginas
Dimensiones [R] 24 x 17 cm
490 #0 - MENCION DE SERIE [R]
Mención de serie [R] Biblioteca de Historia Nacional
Designación numérica/secuencial del volumen [NR] 46
500 ## - NOTA GENERAL [R]
Nota general [NR] Detalles físicos: Encuadernación rígida en cartón forrado en papel. Lomo en tela con adornos en dorado. Guardas. Portada impresa en una sola tinta. Texto impreso en una sola columna. Papel manchado
505 0# - NOTA DE CONTENIDO CON FORMATO PREESTABLECIDO [R]
Nota de contenido con formato preestablecido [NR] Prólogo de Enrique Otero D’ Costa. Acta de Instalación ; Actas de las sesiones extraordinarias del Congreso de 1824: desde la sesión del 5 de abril a la sesión del 2 de agosto
506 ## - NOTA DE RESTRICCIONES DE ACCESO [R]
Condiciones de acceso [NR] Consulta en sala
650 #7 - ASIENTO SECUNDARIO DE MATERIA - TERMINO TEMATICO [R]
Término temático o nombre geográfico como elemento de entrada [NR] Congreso
Subdivisión general [R] Fuentes
Subdivisión cronológica [R] 1824
9 (RLIN) 76140
651 #4 - ASIENTO SECUNDARIO DE MATERIA - NOMBRE GEOGRAFICO [R]
9 (RLIN) 71863
Nombre geográfico [NR] Colombia
Subdivisión de forma [R] Fuentes
Subdivisión general [R] Historia
Subdivisión cronológica [R] 1824
690 ## - ASUNTO AGREGADO LOCAL DE ENTRADA - TÉRMINO TEMÁTICO (OCLC, RLIN)
Acceso temático local Historia de Colombia
9 (RLIN) 26508
942 ## - ELEMENTOS DE ENTRADA AGREGADOS (KOHA)
Sistema de clasificación LOCAL
Tipo de ítem principal el descrito en 300a Libro
Edición 1
Clasificación E38N114
Existencias
Suprimido Perdido Sistema de clasificación Dañado No prestable Tipo de ítem específico Ubicación habitual Ubicación actual Localización Fecha de creación Forma de adquisición Costo Total préstamos Signatura topográfica Código de barras Última vez visto Ejemplar Price effective from Tipo de ítem
    LOCAL     Libro archivo Archivo Histórico Archivo Histórico Archivo histórico 10/03/2016 Donación 0.00   E38N114 L005439 10/03/2016 Ej.1 10/03/2016 Libro
    LOCAL     Libro archivo Archivo Histórico Archivo Histórico Archivo histórico 07/12/2017 Donación 0.00   E38N114 L006414 07/12/2017 Ej.1 07/12/2017 Libro